| 000 | 01600nam0a2200385 4500 | ||
|---|---|---|---|
| 001 | RU\NLR\BIBL_A\016298118 | ||
| 005 | 20260408160812.0 | ||
| 035 | _a(NLR Aleph) 016298118 | ||
| 090 |
_a13314152 _c13314152 |
||
| 100 | _a20230227d1941 m y0rusy50 ca | ||
| 101 | 0 | _adar | |
| 102 | _aRU | ||
| 105 | _ay z 000 y | ||
| 181 | 0 |
_ai _baxxe |
|
| 182 | 0 | _an | |
| 200 | 1 |
_aИраннизир гитлеровская бандала империалистический планти гъятIардукьни _e(сборник) |
|
| 203 |
_aТекст _bвизуальный _cнепосредственный |
||
| 210 |
_aМахачкала _cДаггосиздат _d1941 |
||
| 215 |
_a31,[1] с. _d17 |
||
| 541 | 1 |
_aПровал империалистических планов гитлерской банды в Иране _e(сборник) _zrus |
|
| 606 |
_aВторая мировая война _z1939 - 1945 _yИран _3RU\NLR\AUTH\66243907 _91340710 |
||
| 607 |
_aГермания _xИстория _z1933 - 1945 _91390553 _3RU\NLR\AUTH\66271225 |
||
| 607 |
_aИран _xИстория _z1926 - 1941 _92547546 _3RU\NLR\AUTH\6601720999 |
||
| 607 |
_aСССР _xВнешняя политика _z1941 - 1945 _91676437 _3RU\NLR\AUTH\661042768 |
||
| 686 | 1 | _aТ3(4Г)63 | |
| 686 | 1 | _aТ3(5Ирн)6 | |
| 686 | 1 | _aТ3(0)623 | |
| 686 | 1 | _aФ4(2)5 | |
| 852 |
_aNLR _bОНЛ _jДарг./2-91 |
||
| 852 |
_aNLR _bОНЛ _jДарг./2-91 |
||
| 942 | _cBOOK | ||
| 945 | _aРоссийская национальная библиотека | ||
| 980 | _aBV | ||
| 980 | _aNB | ||